ARRUPE JESUIT UNIVERSITY

CORONAVIRUS -STOP THE SPREAD - CLEAN,DISINFECT,COVER
Normal view MARC view

Entry Personal Name

Number of records used in: 3

001 - CONTROL NUMBER

  • control field: 6777

003 - CONTROL NUMBER IDENTIFIER

  • control field: ARRUPE

005 - DATE AND TIME OF LATEST TRANSACTION

  • control field: 20140121124640.0

008 - FIXED-LENGTH DATA ELEMENTS

  • fixed length control field: 140121|| aca||aabn | a|a d

040 ## - CATALOGING SOURCE

  • Original cataloging agency: ARRUPE
  • Transcribing agency: ARRUPE

100 ## - HEADING--PERSONAL NAME

  • Personal name: Descartes, René,
  • Dates associated with a name: 1596-1650.
  • Title of a work: Meditationes de prima philosophia.

670 ## - SOURCE DATA FOUND

  • Source citation: Work cat.: (ARRUPE)0: Prado, C. G. 6776, Starting with Descartes /, c2009.

 

Arrupe Library. PO Box MP320 Mt Pleasant, Harare, Zimbabwe
263 242 745411|librarian@aju.ac.zw